[Event "RUS-chT2"]
[Site "Sochi"]
[Date "2017.05.01"]
[Round "1.6"]
[White "Matsenko, Andrei"]
[Black "Gubsky, Egor"]
[Result "1-0"]
[WhiteElo "2314"]
[BlackElo "2284"]
[PlyCount "95"]
[EventDate "2017.05.01"]
[EventType "team-swiss"]
[EventRounds "9"]
[EventCountry "RUS"]
[SourceTitle "CBM 178 Extra"]
[Source "ChessBase"]
[SourceDate "2017.06.22"]
[SourceVersion "1"]
[SourceVersionDate "2017.06.22"]
[SourceQuality "1"]
[WhiteTeam "Cheliabinsk Yuzhnyy Ural"]
[BlackTeam "Novosibirsk NSTU"]
[WhiteTeamCountry "RUS"]
[BlackTeamCountry "ZAR"]

1. e4 c5 2. Nf3 Nc6 3. d4 cxd4 4. Nxd4 e6 5. Nc3 Qc7 6. Be3 a6 7. Qf3 Nf6 8. 0-0-0 b5 9. e5 Ng8 10. Nxc6 Bb7 11. Bd3 Bxc6 12. Be4 Ne7 13. Bc5 Rc8 14. Bd6 Bxe4 15. Qxe4 Qc6 16. Rhe1 Qxe4 17. Rxe4 Nc6 18. f4 f6 19. exf6 gxf6 20. Bxf8 Rxf8 21. f5 e5 22. a4 bxa4 23. Nxa4 Ne7 24. Nb6 Rd8 25. Ra4 Nxf5 26. Rxa6 Ne3 27. Rd3 Nxg2 28. Nxd7 Nf4 29. Rd2 Rh8 30. Nxf6+ Ke7 31. b4 h5 32. b5 h4 33. Ng4 Rxd2 34. Kxd2 Rg8 35. Nxe5 Rg2+ 36. Ke3 Nd5+ 37. Kd4 Rd2+ 38. Nd3 Nc7 39. Ra7 Kd6 40. c4 Ne6+ 41. Kc3 Rxh2 42. Ra6+ Ke7 43. b6 Rh3 44. Ra5 Kd7 45. Rb5 Kc8 46. c5 Kb7 47. c6+ Kb8 48. Re5 1-0